000 00347nam a2200133Ia 4500
008 240624s9999 xx 000 0 und d
041 _aeng
082 _a306.0951 YAG
100 _aYAGHMAIAN BEHZAD
245 _aACCIDENTAL CAPITALIST A PEOPLE S STORY O
260 _c2012
_aLondon
_bPluto Press
300 _axii, 173 p.; 23 cm.
365 _c
_b38
999 _c30660
_d30660